ბათუმის შოთა რუსთაველის სახელმწიფო უნივერსიტეტის ბიბლიოთეკა

მხოლოდ ლირიკა (ბიბ.ჩანაწერი № 47785)

000 -LEADER
fixed length control field 00618nam a2200193Ia 4500
001 - CONTROL NUMBER
control field 14659
003 - CONTROL NUMBER IDENTIFIER
control field GE_BSU
008 - FIXED-LENGTH DATA ELEMENTS--GENERAL INFORMATION
fixed length control field 181216s||||||||xx |||||||||||||| ||und||
040 ## - CATALOGING SOURCE
Transcribing agency GE_BSU
100 ## - MAIN ENTRY--PERSONAL NAME
Personal name ნონეშვილი,იოსებ
245 ## - TITLE STATEMENT
Title მხოლოდ ლირიკა
245 ## - TITLE STATEMENT
Statement of responsibility, etc. რედ.ი.ივარდავა.მხატვ.გ.ღლონტი
260 ## - PUBLICATION, DISTRIBUTION, ETC.
Place of publication, distribution, etc. თბილისი
260 ## - PUBLICATION, DISTRIBUTION, ETC.
Name of publisher, distributor, etc. საბჭოთა საქართველო
260 ## - PUBLICATION, DISTRIBUTION, ETC.
Date of publication, distribution, etc. 1972
300 ## - PHYSICAL DESCRIPTION
Extent 320გვ.1ფ.17სმ.
653 ## - INDEX TERM--UNCONTROLLED
Uncontrolled term მხოლოდ ლირიკა
942 ## - ADDED ENTRY ELEMENTS (KOHA)
Koha item type წიგნი
ეგზემპლარები
Withdrawn status Lost status Damaged status Not for loan Date acquired Barcode Date last seen Price effective from Koha item type
        2018-12-17 37705 2018-12-17 2018-12-17 წიგნი